Enterprise modeling with UML : designing successful software through business analysis
Αποθηκεύτηκε σε:
| Κύριος συγγραφέας: | |
|---|---|
| Μορφή: | Βιβλίο |
| Γλώσσα: | English |
| Δημοσίευση: |
Reading, Massachusetts :
Addison Wesley Longman,
2000
|
| Σειρά: | Addison-Wesley object technology series
|
| Θέματα: | |
| Ετικέτες: |
Προσθήκη ετικέτας
Δεν υπάρχουν, Καταχωρήστε ετικέτα πρώτοι!
|
MARC
| LEADER | 00000nam a2200000 i 4500 | ||
|---|---|---|---|
| 001 | 1/77688 | ||
| 008 | 050531s2000 eng d | ||
| 020 | |a 0-201-43313-3 | ||
| 035 | |l 10078306 | ||
| 040 | |a GR-MY-UA |b gre |e aacr | ||
| 041 | 0 | |a eng | |
| 082 | 0 | |a 005.1 |2 (22) | |
| 100 | 1 | |a Marshall, Chris |d 1945- | |
| 245 | 1 | 0 | |a Enterprise modeling with UML : |b designing successful software through business analysis / |c Chris Marshall |
| 260 | |a Reading, Massachusetts : |b Addison Wesley Longman, |c 2000 | ||
| 300 | |a xi, 259 σ.; |b πιν.; |c 24 εκ.+ |e 1 οπτικός δίσκος λέϊζερ Η/Υ (4 3/4 ιν.) | ||
| 490 | 1 | |a The Addison-Wesley object technology series | |
| 504 | |a Περιέχει βιβλιογραφικές παραπομπές, γλωσσάριο και ευρετήριο | ||
| 650 | 0 | 0 | |a Application software |x Development. |
| 650 | 0 | 0 | |a UML (Computer science) |
| 650 | 0 | 0 | |a Business enterprises |x Data processing. |
| 830 | 0 | |a Addison-Wesley object technology series | |
| 852 | |a INST |b LESVOS |e 20050531 |h 005.1 MAR |p 005100032298 |q 005100032298 |t BK |y 0 | ||
| 852 | |a INST |b LESVOS |e 20050531 |h 005.1 MAR |p 005100032297 |q 005100032297 |t BK |y 0 | ||
| 901 | |a BIBL1-2005-2 | ||
| 909 | |a Λ |b 113430 | ||
| 909 | |a Λ |b 113431 | ||
| 920 | |a ΔΙΕΥΡΥΝΣΗ |b ΕΠΕΑΕΚ-ΠΤΕ |y ΛΕΣΒΟΣ |z 2004-09 | ||
| 970 | |a ΜΑΡΙΝΑΤΟΥ |b ΜΥΡΣΙΝΗ |z 2005/05/31 | ||